Retórica, inducción y ciencia en Aristóteles : la teoría de la epagogé /
La epagogé o inducción es el modo aristotélico para conocer los primeros principios que sustentan cualquier conocimiento. En la presente obra se aborda su aplicación e importancia en la dialéctica, la retórica, la metafísica y la ética
Uloženo v:
| Hlavní autor: | |
|---|---|
| Médium: | Kniha |
| Jazyk: | španělština |
| Vydáno: |
México :
Publicaciones Cruz O,
1993, c1993
|
| Edice: | (Claves ;
3) |
| Témata: | |
| Tagy: |
Žádné tagy, Buďte první, kdo vytvoří štítek k tomuto záznamu!
|
MARC
| LEADER | 00000nam^a2200000^a^4500 | ||
|---|---|---|---|
| 001 | 000301142 | ||
| 005 | 20250521000000.0 | ||
| 009 | 20260310112536.29 | ||
| 037 | |a Acervo Xavier Clavigero | ||
| 041 | |a ESP | ||
| 082 | |a 185. |b ARI EST ZAG | ||
| 100 | |a Zagal, Héctor |e (autor) | ||
| 245 | 1 | 0 | |a Retórica, inducción y ciencia en Aristóteles : |b la teoría de la epagogé / |c H. Zagal Arreguín. |
| 264 | 4 | |a México : |b Publicaciones Cruz O, |c 1993, c1993 | |
| 300 | |a 412 p. | ||
| 336 | |a texto |b txt |2 rdacontenido | ||
| 337 | |a sin mediación |b n |2 rdamedio | ||
| 338 | |a volumen |b nc |2 rdasoporte | ||
| 440 | 1 | |a (Claves ; |v 3) | |
| 520 | |a La epagogé o inducción es el modo aristotélico para conocer los primeros principios que sustentan cualquier conocimiento. En la presente obra se aborda su aplicación e importancia en la dialéctica, la retórica, la metafísica y la ética | ||
| 649 | |a XX | ||
| 650 | |a Filósofos Griegos | ||
| 650 | |a Inducción Lógica - |x Teoría - |x Tema Principal | ||
| 650 | |a Razonamiento Lógico | ||
| 650 | |a Etica | ||
| 650 | |a Metafísica | ||
| 650 | |a Retórica | ||
| 650 | |a Escuela Aristotélica (Liceo) - |x Historia y Crítica | ||
| 650 | |a Filosofía Griega - |x Historia y Crítica | ||
| 650 | |a Filosofía Clásica - |x Historia y Crítica | ||
| 650 | |a Aristóteles - |x Tema Principal | ||
| 910 | |a Fondo General | ||
| 920 | |a Impresos - Libros | ||
| 930 | |a Colección General | ||
| 905 | |a 101 | ||
| 901 | |a 054308 |b IT1 |c ACC |u 20250521 | ||
| 901 | |a 040983 |b IT1 |c ACC |u 20250521 | ||
| 902 | |a https://opac.biblio.iteso.mx/vufind/Record/000301142 | ||